000 00883nam a2200253 u 4500
001 000763077
003 AM-YeHGA
005 20250617143741.0
008 101115s2010 ||| r 000 0 rus d
020 _a9785952448414
040 _aAM-YeHGA
041 1 _arus
_heng
100 1 _aХаген, Виктор фон
245 1 0 _aАцтеки, майя, инки. :
_bВеликие царства древней Америки /
_cВиктор фон Хаген.
246 1 5 _aThe Ancient Sun Kingdoms of the Americans
260 _aМосква :
_bЦентрполиграф,
_c2010.
300 _a516 с. :
_bил., табл.
440 0 _aЗагадки и тайны древних цивилизаций
653 0 _aАцтеки
653 0 _aМайя
653 0 _aИнки
653 0 _aДревние цивилизации - Америка
090 _c282518
999 _c280864
_d280864